[Event "World Chess Candidates 2018"]
[Site "Berlin"]
[Date "2018.03.12"]
[Round "3"]
[White "Caruana, Fabiano"]
[Black "Mamedyarov, Shakhriyar"]
[Result "1/2-1/2"]
[WhiteElo "2784"]
[BlackElo "2809"]
[PlyCount "98"]
[EventDate "2018.??.??"]
[EventType "tourn"]
[EventCountry "GER"]
[SourceTitle "playchess.com"]
[Source "ChessBase"]
[SourceQuality "1"]

1. e4 c5 2. Nf3 d6 3. d4 cxd4 4. Nxd4 Nf6 5. Nc3 a6 6. f3 e5 7. Nb3 Be6 8. Be3
Be7 9. Qd2 Nbd7 10. g4 O-O 11. g5 Nh5 12. O-O-O b5 13. Nd5 Bxd5 14. exd5 f6 15.
gxf6 Bxf6 16. Kb1 Nf4 (16... Nb6 17. Qa5 Nc4 18. Qxd8 Bxd8 19. Bxc4 bxc4 20.
Nd2 c3 21. bxc3 Rc8 22. c4 Ba5 23. Ne4 Rxf3 24. Bd2 Bxd2 25. Rxd2 Rxc4 26. Nxd6
Rb4+ 27. Ka1 Nf6 28. c4 Kf8 29. Rc1 Nd7 30. Ne4 Rf4 31. Re2 Nb6 32. Ng5 Rfxc4
33. Rf1+ Kg8 34. Rxe5 Rc8 35. Ne6 g6 36. Ng5 Rd4 37. d6 Rxd6 38. Re7 Nd5 39.
Rb7 {1/2-1/2 (39) Vallejo Pons,F (2674)-Efimenko,Z (2637) Khanty Mansiysk 2005}
) 17. Rg1 (17. Na5 Nb6 18. c4 Nxc4 19. Nxc4 bxc4 20. Bxc4 Qd7 21. Rc1 Qh3 22.
Bb3 Qxf3 23. Rcf1 Qh3 24. Rhg1 Kh8 25. Bd1 Rab8 26. Rf3 Qd7 27. Bb3 Nh5 28. Rf2
Be7 29. Rxf8+ Rxf8 30. Bc4 Nf4 31. Bxa6 Qa4 32. Bd3 Nxd5 33. Qg2 Nc3+ 34. bxc3
g6 35. Qb7 Bf6 36. Bh6 Ra8 37. Qf7 Qh4 38. Rf1 Rb8+ 39. Ka1 {1-0 (39) Worek,J 
(2272)-Borovikov,V (2553) Paleochora GRE 2017}) 17... Kh8 18. Bd3 Bg5 19. Na5
Bh6 20. Nc6 Qh4 21. Qb4 Rf6 22. a4 Qxh2 23. Be4 Qe2 24. Bxf4 Bxf4 25. Qa5 Nc5
26. Qc7 Bh6 27. Nd8 Nxe4 28. fxe4 Rf8 29. Nf7+ Rxf7 30. Qxf7 Rc8 31. Rc1 Qxe4
32. Rgf1 Bf4 33. Rg1 Bh6 34. Rgf1 Rg8 $5 35. Rcd1 bxa4 36. Qe7 Qg6 37. Rf8 Bg5
38. Rxg8+ Kxg8 39. Qd7 h5 40. Rg1 e4 41. Qxa4 e3 42. Qxa6 Qf5 43. Qa8+ Kh7 44.
Qe8 Bf4 45. Qe6 g6 46. Rf1 Kg7 47. Qxf5 gxf5 48. c4 Bg3 49. Rg1 h4 1/2-1/2

[Event "World Chess Candidates 2018"]
[Site "Berlin"]
[Date "2018.03.14"]
[Round "4"]
[White "Mamedyarov, Shakhriyar"]
[Black "So, Wesley"]
[Result "1/2-1/2"]
[WhiteElo "2809"]
[BlackElo "2799"]
[PlyCount "62"]
[EventDate "2018.??.??"]
[EventType "tourn"]
[EventCountry "GER"]
[SourceTitle "playchess.com"]
[Source "ChessBase"]
[SourceQuality "1"]

1. d4 Nf6 2. c4 e6 3. Nc3 Bb4 4. Qc2 d5 5. a3 Bxc3+ 6. Qxc3 Ne4 7. Qc2 c5 8.
dxc5 Nc6 9. cxd5 exd5 10. Nf3 Qf6 11. e3 Bg4 12. Be2 O-O 13. O-O Rfe8 14. Bd2
d4 15. Rad1 Nxd2 16. Rxd2 (16. Qxd2 Rad8 17. Qc1 d3 18. Rxd3 Rxd3 19. Bxd3 Bxf3
20. gxf3 Ne5 21. Be4 Nxf3+ 22. Bxf3 Qxf3 23. Qd1 Qf5 24. b4 h6 25. Re1 a5 26.
e4 Qg6+ 27. Kf1 axb4 28. axb4 Rxe4 29. Qb1 Qa6+ 30. Kg2 Rg4+ 31. Kh3 Rg6 32.
Qf5 Qc6 33. Re4 Rg5 34. Qf3 Qd7+ 35. Kh4 Rg1 36. Qe3 Qf5 37. Re8+ Kh7 38. Qe4
g5+ {0-1 (38) Bareev,E (2683)-Ivanchuk,V (2741) Havana 2006}) 16... dxe3 17.
Rd6 Re6 18. fxe3 Rxd6 19. cxd6 Bxf3 20. Bxf3 Qxd6 21. Qb3 Qe7 22. Bd5 Nd8 23.
Rc1 Qd7 24. Qc4 Ne6 25. Bxe6 fxe6 26. Qd4 Qxd4 27. exd4 Rf8 28. Rc7 Rf7 29.
Rc8+ Rf8 30. Rc7 Rf7 31. Rc8+ Rf8 1/2-1/2

[Event "World Chess Candidates 2018"]
[Site "Berlin"]
[Date "2018.03.14"]
[Round "4"]
[White "Karjakin, Sergey"]
[Black "Aronian, Levon"]
[Result "0-1"]
[WhiteElo "2763"]
[BlackElo "2794"]
[PlyCount "136"]
[EventDate "2018.??.??"]
[EventType "tourn"]
[EventCountry "GER"]
[SourceTitle "playchess.com"]
[Source "ChessBase"]
[SourceQuality "1"]

1. d4 Nf6 2. c4 e6 3. Nf3 d5 4. Nc3 Bb4 5. Bg5 dxc4 6. e4 c5 7. Bxc4 cxd4 8.
Nxd4 Bxc3+ 9. bxc3 Qa5 10. Bb5+ Nbd7 11. Bxf6 Qxc3+ 12. Kf1 gxf6 13. h4 Qb4 14.
Rb1 (14. Rh3 a6 15. Be2 Ne5 16. Rb1 Qd6 17. Qd2 (17. Rc3 Ke7 18. f4 Nc6 19.
Nxc6+ bxc6 20. Qc1 Rb8 21. Rxb8 Qxb8 22. Rxc6 Rd8 23. Rc7+ Ke8 24. e5 fxe5 25.
Qc5 Bd7 26. Qxe5 Rc8 27. Rxc8+ Qxc8 {1/2-1/2 (27) Grochal,J (2254)-Gascon Del
Nogal,J (2496) Cappelle la Grande FRA 2018}) 17... Bd7 18. Rxb7 Bb5 19. Rc3 Rd8
20. Nf3 Qxd2 21. Bxb5+ axb5 22. Nxd2 O-O 23. Nf3 Nxf3 24. Rxf3 Rb8 25. Rg3+ Kh8
26. Rxb8 Rxb8 27. Rb3 Ra8 28. Rxb5 Rxa2 29. Rb4 Kg7 30. g3 Ra5 31. Kg2 f5 32.
exf5 Rxf5 33. g4 Ra5 34. Kg3 h6 35. Rc4 Rb5 36. Rd4 Ra5 37. Rc4 Rb5 38. Rd4 Ra5
{1/2-1/2 (38) So,W (2808)-Aronian,L (2780) Wijk aan Zee NED 2017}) 14... Qd6
15. Rh3 a6 16. Be2 (16. Bxd7+ Bxd7 17. Rxb7 Rd8 18. Kg1 Bc6 19. Rb6 Qc5 20. Qb3
Bb5 21. Rxb5 axb5 22. Nxb5 Qc1+ 23. Kh2 Qf4+ 24. Qg3 Qxg3+ 25. Rxg3 Ke7 26. a4
Rd2 27. f3 Rc8 28. Kh3 Ra2 29. Rg7 Rxa4 30. Rxf7+ Kxf7 31. Nd6+ Kf8 32. Nxc8
Ra6 33. Kg4 Ke8 34. Kh5 e5 35. g4 Kd7 36. Kh6 Kxc8 37. Kxh7 Ra3 38. h5 Rxf3 39.
Kg7 Rf4 40. h6 Rxg4+ 41. Kxf6 Rxe4 42. Kg5 Re1 {0-1 (42) Utkin,A (2389)-Ivanov,
A (2312) St Petersburg 2005}) (16. Rd3 axb5 17. Nxb5 Qh2 18. Nd6+ Ke7 19. Nxc8+
Rhxc8 20. Rxd7+ Ke8 21. Rbxb7 Qh1+ 22. Ke2 Rxa2+ 23. Rd2 Qxg2 24. Ke3 Rc3+ 25.
Kd4 Rxd2+ 26. Qxd2 Rc4+ 27. Kxc4 Qxe4+ 28. Qd4 Qxb7 29. Qxf6 Qd5+ 30. Kc3 h5
31. Kb2 Qd1 32. Qf4 Qg4 33. Qf6 Qg6 34. Qd4 Kf8 35. Kc1 Qg4 36. Qf6 Qg6 37.
Qd8+ Kg7 38. Kd1 Qf6 {0-1 (38) Timmermans,I (2200)-Jonkman,H (2424) Hoogeveen
2000}) 16... Nc5 17. Rc3 Nxe4 18. Rd3 O-O 19. Qc1 Qe5 20. Bf3 f5 21. Qh6 Qf6
22. Qxf6 Nxf6 23. Bxb7 Bxb7 24. Rxb7 Rac8 25. Rg3+ Kh8 26. Rgb3 Ne4 27. Rb2
Rfd8 28. Nb3 Rd1+ 29. Ke2 Nc3+ 30. Ke3 Kg7 31. g3 Kf6 32. Ra7 Rc6 33. Kf3 Nb5
34. Ra8 e5 35. Kg2 e4 36. a4 Na3 37. Rd2 Rxd2 38. Nxd2 e3 39. Nf3 Rc2 40. Rxa6+
Kg7 41. Nd4 Rxf2+ 42. Kg1 Nc2 43. Nxc2 Rxc2 44. Kf1 Rf2+ 45. Ke1 Rg2 46. Rb6
Rxg3 47. Rb4 Rg2 48. Rf4 Kg6 49. Rf3 Rg4 50. Rxe3 Rxa4 51. Kf2 Rxh4 52. Re8 Rg4
53. Kf3 Kg7 54. Re5 Kf6 55. Re8 h5 56. Rh8 Kg6 57. Kf2 Rg5 58. Kf3 Kg7 59. Ra8
h4 60. Kf2 h3 61. Ra3 Rh5 62. Kg1 Kg6 63. Kh2 f4 64. Ra7 f3 65. Ra1 f2 66. Rf1
Rf5 67. Kxh3 Kg5 68. Kg3 Rf4 0-1

[Event "World Chess Candidates 2018"]
[Site "Berlin"]
[Date "2018.03.14"]
[Round "4"]
[White "Grischuk, Alexander"]
[Black "Ding, Liren"]
[Result "1/2-1/2"]
[WhiteElo "2767"]
[BlackElo "2769"]
[PlyCount "102"]
[EventDate "2018.??.??"]
[EventType "tourn"]
[EventCountry "GER"]
[SourceTitle "playchess.com"]
[Source "ChessBase"]
[SourceQuality "1"]

1. d4 Nf6 2. c4 e6 3. Nf3 d5 4. Nc3 c6 5. Bg5 h6 6. Bh4 dxc4 7. e4 g5 8. Bg3 b5
9. Be2 Bb7 10. O-O (10. e5 Nd5 11. O-O Nxc3 12. bxc3 c5 13. a4 a6 14. Qb1 g4
15. Nh4 cxd4 16. axb5 d3 17. Bxg4 a5 18. Bf3 Bxf3 19. Nxf3 Qd5 20. Ra4 Nd7 21.
Qa2 Nb6 22. Rxa5 Rxa5 23. Qxa5 Bc5 24. Qa2 O-O 25. Qd2 Kh7 26. Re1 Be7 27. Bf4
Rg8 28. Kh1 Bf8 29. Be3 Nd7 30. Bd4 Qxb5 31. Qf4 Bg7 32. Qxf7 Qd5 33. Nd2 Rf8
34. Qe7 Rf5 35. Re3 Rg5 36. Rg3 Nxe5 37. Rxg5 hxg5 38. Nxc4 Kg6 39. Qe8+ Nf7
40. Qg8 {1-0 (40) Grischuk,A (2780)-Karjakin,S (2753) Khanty Mansiysk 2015})
10... Nbd7 11. Ne5 Bg7 12. Nxf7 (12. Nxd7 Nxd7 13. Bd6 a6 14. a4 e5 15. Bg4
exd4 16. e5 c5 17. Re1 Nxe5 18. Bxe5 O-O 19. Bxg7 Kxg7 20. Ne2 f5 21. Bh5 f4
22. Nxd4 cxd4 23. Re6 Rf6 24. Qe1 Bd5 25. Re7+ Kg8 26. axb5 Qd6 27. Rxa6 Rxa6
28. bxa6 Qxa6 29. Re8+ Rf8 30. Rxf8+ Kxf8 31. Qe8+ Kg7 32. Qe7+ Kg8 33. Qe8+
Kg7 34. Qe5+ Kh7 35. Qxd4 Qe6 36. h3 Qe4 37. Qa7+ Kh8 38. Qb8+ Kg7 39. Qc7+ Kh8
40. Qd8+ {1/2-1/2 (40) Hoffmann,M (2508)-Sandipan,C (2622) Caleta 2010}) 12...
Kxf7 13. e5 Nd5 14. Ne4 Qb6 15. Nd6+ Ke7 16. a4 $5 (16. Bg4 h5 (16... Raf8 17.
Qc2 Qxd4 18. Qg6 Qxg4 19. Qxg7+ Kd8 20. Nxb7+ Kc8 21. a4 b4 22. Rac1 c3 23.
bxc3 b3 24. c4 Rfg8 25. Nd6+ Kc7 26. Qf7 Rf8 27. cxd5 Rxf7 28. Rxc6+ Kb8 29.
Nxf7 Re8 30. Nd6 Rh8 31. Rc4 Qe2 32. dxe6 Nb6 33. Rb4 Ka8 34. e7 Nd5 35. Rxb3
Nxe7 36. Rfb1 Nd5 37. h3 h5 38. Nf7 Rc8 39. e6 a6 40. Nxg5 h4 41. Bd6 Rg8 42.
R3b2 Qd3 43. e7 Nf6 44. Be5 Nd7 45. Ne6 {1-0 (45) Topalov,V (2780)-Kramnik,V 
(2795) Wijk aan Zee 2008}) 17. Bxh5 Raf8 18. Qg4 Bh6 19. h4 Rhg8 20. hxg5 Bxg5
21. Ne4 Ne3 22. Qxg5+ Rxg5 23. Bh4 Kd8 24. fxe3 Rh8 25. Bxg5+ Kc7 26. Bg4 c5
27. dxc5 Nxc5 28. Rf7+ Kb8 29. Nd6 Rg8 30. Raf1 Rxg5 31. Rf8+ Kc7 32. R1f7+ Nd7
33. Rxd7+ Kxd7 34. Rf7+ Kd8 35. Rf8+ Kd7 36. Rf7+ {1/2-1/2 (36) Shirov,A (2740)
-Karjakin,S (2732) Foros 2008}) 16... Raf8 17. Bf3 a6 18. Bxd5 cxd5 19. axb5
axb5 20. Kh1 Bc6 21. f4 gxf4 $4 (21... h5 $5 22. f5 h4 23. Be1 b4 24. Bd2 Nxe5)
22. Rxf4 $2 (22. Bh4+ $1 Bf6 23. Qg4 $1 Qxd4 (23... Bxh4 24. Qxh4+ Nf6 25. Rxf4
$18) 24. Bxf6+ Rxf6 25. Qg7+ Kd8 26. exf6 Qxf6 27. Qxf6+ Nxf6 28. Nf7+ $18)
22... Rxf4 23. Bxf4 Kd8 24. Qg4 $5 (24. Nf7+ Kc7 25. Nxh8 Bxh8 26. Bxh6 $13)
24... Rf8 $1 25. Bd2 Kc7 26. h3 (26. Ba5 $4 Qxa5 27. Ne8+ Kb6 $19) (26. Qxg7
Qxd4 27. Ba5+ Kb8 $17) (26. Ne8+ Rxe8 27. Ba5 Qxa5 28. Rxa5 Kb6 29. Ra1 Bf8 $15
) 26... b4 27. Qxg7 Qxd4 28. Bxb4 Qxb2 29. Ba5+ Kb8 30. Rg1 c3 31. Qe7 c2 32.
Bd2 Qxe5 33. Bxh6 Rg8 34. Nf7 Qc3 35. Qd6+ Kb7 36. Qxe6 d4 37. Nd6+ Kb6 38. Ne4
Nc5 39. Qxg8 Nxe4 40. Kh2 d3 41. Be3+ Kb5 42. Qb8+ Kc4 43. Qc7 Qf6 44. Rf1 Qd6+
45. Qxd6 Nxd6 46. Rf6 Kd5 47. Rxd6+ Kxd6 48. Kg3 Kd5 49. Kf2 Kc4 50. Bd2 Kb3
51. Ke3 Bxg2 1/2-1/2

[Event "World Chess Candidates 2018"]
[Site "Berlin"]
[Date "2018.03.14"]
[Round "4"]
[White "Kramnik, Vladimir"]
[Black "Caruana, Fabiano"]
[Result "0-1"]
[WhiteElo "2800"]
[BlackElo "2784"]
[PlyCount "132"]
[EventDate "2018.??.??"]
[EventType "tourn"]
[EventCountry "GER"]
[SourceTitle "playchess.com"]
[Source "ChessBase"]
[SourceQuality "1"]

1. e4 e5 2. Nf3 Nf6 3. Nxe5 d6 4. Nf3 Nxe4 5. Qe2 Qe7 6. Nc3 Nxc3 7. dxc3 Qxe2+
8. Bxe2 Nc6 9. Be3 Be7 10. O-O-O O-O 11. Rhe1 (11. Rhg1 a6 12. g4 Re8 13. h4
Be6 14. Ng5 Bd7 15. Kb1 Ne5 16. h5 Bb5 17. Bxb5 axb5 18. Nh3 c6 19. Nf4 d5 20.
Nd3 Bd6 21. Nxe5 Bxe5 22. Rde1 Re6 23. Bd2 Rae8 24. Re3 Bd6 25. Rf3 f6 26. a3
h6 27. Kc1 Bc5 28. Kd1 Re4 29. Rg2 R4e6 30. Rd3 Kf7 31. Rf3 {1/2-1/2 (31)
Artemiev,V (2697)-Khalifman,A (2614) Moscow RUS 2018}) 11... Bf6 (11... Bd7 12.
h3 Rad8 13. Nd4 Bf6 14. Bf3 Nxd4 15. Bxd4 Bxd4 16. cxd4 b6 17. Re7 Rfe8 {
1/2-1/2 (17) Blatny,F (2325)-Jankovec,I (2355) Rzeszow 1984}) 12. Nd2 Re8 13.
Bf3 Ne5 14. Bf4 Kf8 15. Bd5 c6 16. Bb3 Bf5 17. h3 g5 18. Bh2 Kg7 19. c4 g4 20.
Ne4 Bxe4 21. Rxe4 Bg5+ 22. Kb1 gxh3 23. c5 f5 24. Rb4 hxg2 25. Rxb7+ Kh8 26.
cxd6 Nf3 27. Ba4 Nxh2 28. Bxc6 Rad8 29. d7 Re2 30. Bxg2 Rxf2 31. Bc6 Ng4 32.
Rxa7 Ne3 33. Rg1 h6 34. Rc7 Kg7 35. a4 Kf7 36. Bb5 Ke7 37. a5 Rf4 38. c3 Kd6 $6
39. Rb7 $6 (39. Rc6+ $1 Ke7 40. a6 Rxd7 41. Rc8 $18) 39... Rg4 40. Re1 f4 41.
a6 h5 42. a7 Ra8 43. b4 h4 44. c4 h3 45. c5+ Ke5 46. Rb8 $6 Rxa7 47. Rg8 Bf6
48. d8=Q Bxd8 49. Rxg4 Bf6 50. Rg6 Rb7 51. Be2 Rxb4+ 52. Ka2 Nc2 53. Rc1 Nd4
54. Bd3 Ra4+ 55. Kb1 Nb3 56. Re1+ Kd5 57. Kc2 Nd4+ 58. Kb1 Nf3 59. Rd1 Ra1+ 60.
Kc2 Rxd1 61. Ba6 (61. Kxd1 h2 62. Rh6 Bh4 $19 {[%cal Yh2h1]}) 61... Rd2+ 62.
Kc1 Bb2+ 63. Kb1 Kxc5 64. Bb7 Ne5 65. Rf6 f3 66. Rf5 f2 0-1

[Event "World Chess Candidates 2018"]
[Site "Berlin"]
[Date "2018.03.15"]
[Round "5"]
[White "Ding, Liren"]
[Black "Mamedyarov, Shakhriyar"]
[Result "1/2-1/2"]
[WhiteElo "2769"]
[BlackElo "2809"]
[PlyCount "61"]
[EventDate "2018.??.??"]
[EventType "tourn"]
[EventCountry "GER"]
[SourceTitle "playchess.com"]
[Source "ChessBase"]
[SourceQuality "1"]

1. d4 Nf6 2. c4 e6 3. Nf3 d5 4. g3 Be7 5. Bg2 O-O 6. O-O dxc4 7. Qc2 a6 8. a4
Bd7 9. Qxc4 Bc6 10. Bf4 Bd6 11. Bg5 Nbd7 12. Nc3 h6 13. Bc1 $5 (13. Bxf6 Nxf6
14. Rfd1 (14. a5 Qe7 15. Nh4 Bxg2 16. Kxg2 Rfd8 17. e4 Bb4 18. e5 Nd5 19. Nf5
Qd7 20. Ne3 Bxc3 21. bxc3 Qb5 22. Qxb5 axb5 23. Rfc1 c5 24. Nxd5 Rxd5 25. Rcb1
cxd4 26. cxd4 Rc8 27. Rb4 Rc4 28. Rab1 Rcxd4 29. Rxd4 Rxd4 30. Rxb5 Rd7 31. Kf3
g5 32. h4 Kg7 33. h5 f6 34. exf6+ Kxf6 35. g4 Ke7 36. Ke4 Kf6 37. Rb3 Ke7 38.
f3 Kf6 39. Rb6 Ke7 40. Rb5 Kf6 41. Rb3 Ke7 42. Rd3 Rc7 43. Kd4 Kf6 44. Rb3 Rf7
45. Rb5 Rc7 46. Rb4 Ke7 47. Rc4 Rd7+ 48. Kc5 Rd6 49. Rb4 Rc6+ 50. Kb5 Rd6 51.
Rb3 Kf6 52. Kc5 Rc6+ 53. Kd4 Rd6+ 54. Ke4 Rd7 55. Rb6 Rd5 56. Rxb7 Rxa5 57. Rh7
Ra4+ 58. Ke3 Ra3+ 59. Kf2 Ra2+ 60. Kg3 Ra3 61. Rxh6+ Kf7 62. Rh7+ Kf6 63. Rd7
Ra2 64. Rd3 Rb2 65. Re3 Rb4 66. Re2 Ra4 67. Kf2 Ra3 68. Rd2 Ra4 69. Ke3 Ra3+
70. Ke4 Ra4+ 71. Rd4 Ra1 72. Ke3 Ra3+ 73. Rd3 Ra4 74. Rb3 Ra1 75. Rb7 Ra3+ 76.
Kf2 Ra2+ 77. Kg3 Ra3 78. Rb8 Kf7 79. Rb1 Kf6 80. Re1 Ra4 81. Kf2 Ra2+ 82. Kg3
Ra4 83. Rh1 Ra7 84. Kf2 Ke5 85. h6 Ra2+ 86. Kg3 Ra8 87. h7 Rh8 88. Rh6 Kd6 89.
Kf2 {1-0 (89) Adams,M (2738)-Anand,V (2797) Baden-Baden 2015}) 14... Bd5 15.
Qd3 Bxf3 16. Qxf3 c6 17. e4 Bb4 18. Na2 Be7 19. Qb3 Qb8 20. a5 Qa7 21. Nc3 Rad8
22. e5 Ne8 23. Ne2 Nc7 24. h4 Nb5 25. Qc4 Rd7 26. Rd3 Rfd8 27. Rad1 Nc7 28. h5
Nd5 29. Rb3 c5 30. Bxd5 Rxd5 31. Rb6 Qb8 32. Qb3 cxd4 33. Nf4 Rxe5 34. Rxb7 Qd6
35. Rb6 Qc7 36. Rb7 Qd6 37. Rb6 Qc7 {1/2-1/2 (37) Wang,H (2747)-Dominguez
Perez,L (2757) Elancourt 2013}) 13... a5 14. b3 Qe7 15. Bb2 Rfd8 16. Rac1 Ba3
17. Bxa3 Qxa3 18. Nb5 Qe7 19. Qc2 Bxf3 20. Bxf3 c6 21. Nc3 Nb6 22. e3 e5 23.
dxe5 Qxe5 24. Rfd1 g6 25. Rd2 Rd7 26. Rxd7 Nbxd7 27. Rd1 h5 28. Rd4 Nc5 29. h4
Kg7 30. Kg2 Ne6 31. Rd1 1/2-1/2

[Event "World Chess Candidates 2018"]
[Site "Berlin"]
[Date "2018.03.15"]
[Round "5"]
[White "Caruana, Fabiano"]
[Black "Karjakin, Sergey"]
[Result "1/2-1/2"]
[WhiteElo "2784"]
[BlackElo "2763"]
[PlyCount "61"]
[EventDate "2018.??.??"]
[EventType "tourn"]
[EventCountry "GER"]
[SourceTitle "playchess.com"]
[Source "ChessBase"]
[SourceQuality "1"]

1. d4 Nf6 2. c4 e6 3. g3 d5 4. Bg2 Be7 5. Nf3 O-O 6. Qb3 c6 7. O-O dxc4 8. Qxc4
b5 9. Qc2 Bb7 10. Nbd2 c5 (10... Nbd7 11. Nb3 Qb6 12. Be3 Rfc8 13. Ne5 a5 14.
Rfd1 Qc7 15. Bf4 Qb6 16. Nd3 c5 17. Bxb7 Qxb7 18. Nbxc5 Qd5 19. Qb3 Nxc5 20.
dxc5 Bxc5 21. Nxc5 Qxc5 22. Rac1 Qb6 23. Be3 Qb7 24. a4 b4 25. f3 h6 26. Bd4
Nd5 27. Qd3 Rxc1 28. Rxc1 Rc8 29. Rc4 Ne7 30. Qc2 Rxc4 31. Qxc4 Qd7 32. b3 Nc6
33. Bb6 e5 34. g4 g6 35. Kf2 Qd6 36. h4 Qf6 37. g5 hxg5 38. hxg5 Qd6 39. Ke1
Qd7 40. Kf2 Qd6 41. Ke1 Qd7 42. Qb5 Qe6 43. Qd3 Kh7 44. Bc7 Kg7 45. Qd6 Qxd6
46. Bxd6 f5 47. gxf6+ Kxf6 48. Bc7 Kf5 49. Kf2 e4 50. Ke3 exf3 51. exf3 g5 52.
Kd3 Ne5+ 53. Ke2 Nc6 54. Ke3 Ke6 55. Ke4 Kd7 56. Bb6 Ke6 57. Be3 Kf6 58. Kd5
Ne7+ 59. Kc4 Nf5 60. Bb6 Ke6 61. Kb5 Nh4 62. Kxa5 Kd7 63. Kxb4 Kc6 64. Ka5 Kb7
65. Kb5 Nxf3 66. a5 g4 67. a6+ Ka8 68. b4 Ne5 69. Ka4 Nc6 70. b5 Na7 71. Bf2
Nxb5 72. Kxb5 g3 73. Bxg3 Ka7 74. Bf2+ Ka8 75. Kb6 Kb8 76. Bg3+ Ka8 77. Bh2 {
1/2-1/2 (77) Short,N (2688)-Urkedal,F (2543) Helsingor DEN 2017}) 11. dxc5 Na6
12. Nb3 Be4 13. Qc3 Rc8 14. Be3 Nd5 15. Qd2 Bxf3 16. Bxf3 Nxe3 17. Qxe3 Nxc5
18. Nxc5 Bxc5 19. Qb3 Qb6 20. e3 Be7 21. Rfd1 Rc7 22. Rac1 (22. Rdc1 Rfc8 23.
Rxc7 Rxc7) 22... Rfc8 23. Rxc7 Rxc7 24. Kg2 g6 25. Rd2 Kg7 26. Rc2 Rxc2 27.
Qxc2 Qc5 28. Qxc5 Bxc5 29. b3 f5 30. a4 bxa4 31. bxa4 1/2-1/2

[Event "World Chess Candidates 2018"]
[Site "Berlin"]
[Date "2018.03.15"]
[Round "5"]
[White "Aronian, Levon"]
[Black "Grischuk, Alexander"]
[Result "1/2-1/2"]
[WhiteElo "2794"]
[BlackElo "2767"]
[PlyCount "84"]
[EventDate "2018.??.??"]
[EventType "tourn"]
[EventCountry "GER"]
[SourceTitle "playchess.com"]
[Source "ChessBase"]
[SourceQuality "1"]

1. d4 Nf6 2. c4 g6 3. f3 c5 4. d5 d6 5. e4 e6 6. Nc3 exd5 7. cxd5 Bg7 8. Nge2
Nbd7 9. Ng3 h5 10. Be2 Nh7 (10... h4 11. Nf1 Nh5 12. Be3 a6 13. a4 f5 14. f4
fxe4 15. Nd2 Ndf6 16. O-O Ng3 17. a5 Nxf1 18. Kxf1 O-O 19. Kg1 Bf5 20. Nc4 Qe7
21. Ra3 Rad8 22. Rb3 Nh7 23. Rb6 g5 24. Qd2 gxf4 25. Bxf4 Bd4+ 26. Be3 Bxe3+
27. Qxe3 Rf6 28. b4 cxb4 29. Rxb4 Rg6 30. Kh1 Qg7 31. Bf1 Rf8 32. Qe1 Bh3 33.
Ne3 Rxf1+ 34. Qxf1 Qxc3 35. Rxe4 Nf6 36. Re7 Kf8 37. Re4 Kg8 38. Re7 Bd7 39. h3
Rg7 40. Nd1 Qd4 41. Re3 Bb5 42. Qe1 Qxd5 43. Rf3 Bc6 44. Ne3 Qe5 45. Rf1 Rg3 {
0-1 (45) Garriga Cazorla,P (2386)-Lagno,K (2530) Caleta ENG 2017}) 11. Bf4 (11.
Be3 h4 12. Nf1 O-O 13. Qd2 Re8 14. Bh6 Bd4 15. Ne3 a6 16. Nc2 Be5 17. Bf4 b5
18. O-O Bxf4 19. Qxf4 Ne5 20. Qh6 g5 21. g3 hxg3 22. hxg3 Qf6 23. Qh2 Ng6 24.
Ne3 Bd7 25. Kg2 Kg7 26. Rh1 Rh8 27. Qg1 Qe5 28. Qf2 Nf6 29. Raf1 Nh5 30. Rfg1
Nhf4+ 31. gxf4 Bh3+ 32. Rxh3 Nxf4+ 33. Kf1 Nxh3 34. Qg3 Nxg1 35. Qxe5+ dxe5 36.
Kxg1 c4 37. Nf5+ Kf6 38. d6 Ke6 39. a4 Kd7 40. axb5 axb5 41. Nxb5 Ra2 42. Bxc4
Rxb2 43. Nc7 Rhh2 44. Bb5+ Kd8 45. Ne3 {1/2-1/2 (45) Aronian,L (2809)-Li Chao2
(2735) Geneva SUI 2017}) 11... Qe7 12. Qd2 h4 13. Nf1 g5 14. Be3 Ne5 15. g3 Bd7
16. gxh4 gxh4 17. Rg1 f5 18. f4 Ng4 19. e5 dxe5 20. d6 Qe6 21. Nb5 Rc8 22. Nc7+
Rxc7 23. dxc7 exf4 24. Rd1 $6 (24. O-O-O $1 fxe3 (24... Ng5 $2 25. Bxf4 Ne4 26.
Qxd7+ Qxd7 27. Rxd7 Kxd7 28. Rxg4 fxg4 29. Bxg4+ Ke7 30. c8=Q Rxc8 31. Bxc8 $18
) 25. Nxe3 Bh6 (25... Qxe3 26. Qxe3+ Nxe3 27. Rxg7 $18) 26. Bb5 O-O 27. Bxd7
Qxe3 28. Qxe3 Bxe3+ 29. Kb1 Bxg1 30. Be6+ Kg7 31. Rd8 $18) 24... Ng5 $1 (24...
fxe3 $6 25. c8=Q+ Bxc8 26. Qd8+ Kf7 27. Qc7+ Kg6 28. Rd6) 25. c8=Q+ Bxc8 26.
Qd8+ Kf7 27. Qc7+ Kg8 $4 (27... Qe7 $1 28. Bc4+ Kf6 $13) 28. Rd6 Qf7 29. Qd8+
$2 (29. Qxc8+ $1 Kh7 30. Qxc5 fxe3 31. Rxg4 fxg4 32. Bd3+ $18) 29... Qf8 30.
Bxf4 Ne6 31. Bc4 Qxd8 32. Rxd8+ Kh7 33. Rxh8+ Bxh8 34. Bd6 Ng5 35. Rg2 Ne4 36.
Bb8 Bd4 37. h3 Ne5 38. Bd5 Nd3+ 39. Ke2 Nc1+ 40. Kd1 Nd3 41. Nd2 Nf6 42. Bf3
Ne4 1/2-1/2

[Event "World Chess Candidates 2018"]
[Site "Berlin"]
[Date "2018.03.15"]
[Round "5"]
[White "So, Wesley"]
[Black "Kramnik, Vladimir"]
[Result "1/2-1/2"]
[WhiteElo "2799"]
[BlackElo "2800"]
[PlyCount "114"]
[EventDate "2018.??.??"]
[EventType "tourn"]
[EventCountry "GER"]
[SourceTitle "playchess.com"]
[Source "ChessBase"]
[SourceQuality "1"]

1. c4 e6 2. Nf3 d5 3. d4 Nf6 4. Nc3 c5 5. cxd5 Nxd5 6. e4 Nxc3 7. bxc3 cxd4 8.
cxd4 Bb4+ 9. Bd2 Bxd2+ 10. Qxd2 O-O 11. Bc4 Nd7 12. O-O b6 13. Rad1 Bb7 14.
Rfe1 Rc8 15. Bb3 Re8 16. h3 (16. Re3 Nf6 17. Qd3 b5 18. d5 exd5 19. e5 Ne4 20.
Qxb5 Qb6 21. Qxb6 axb6 22. h4 h6 23. Bxd5 Bxd5 24. Rxd5 Rc1+ 25. Ne1 Nc3 26.
Rd6 Nxa2 27. Rxb6 Nc3 28. Rd6 Rb8 29. Kh2 Nd1 30. Rf3 Nxf2 31. Rxf2 Rxe1 32.
Rd7 Rf8 33. Re7 Re3 34. Rf3 Rxf3 35. gxf3 Rd8 {1/2-1/2 (35) So,W (2788)
-Dominguez Perez,L (2739) Saint Louis USA 2017}) 16... Nf6 (16... Nf8 17. d5
exd5 18. exd5 Rxe1+ 19. Rxe1 Qf6 20. Ng5 Qd6 21. Ne4 Qg6 22. Qf4 Rd8 23. Qe5
Bc8 24. Re3 Qf5 25. Qe7 Rd7 26. Qe8 Bb7 27. Ba4 b5 28. Bxb5 Rxd5 29. Nf6+ gxf6
30. Rg3+ Qg6 31. Rxg6+ hxg6 32. a4 Rg5 33. Qe7 Bd5 34. Bf1 {1-0 (34)
Kazhgaleyev,M (2630)-Eliet,N (2429) France 2009}) 17. Qf4 (17. Qd3 Qc7 18. e5
Bxf3 19. Qxf3 Nd7 20. Qg3 b5 21. d5 exd5 22. Rxd5 a6 23. f4 Nf8 24. f5 Kh8 25.
Kh2 Re7 26. Re3 Rce8 27. f6 gxf6 28. exf6 Qxg3+ 29. Rxg3 Rc7 30. Rg7 Ne6 31.
Re5 Rc5 32. Re3 Rf8 33. Bxe6 fxe6 34. Rxe6 Rxf6 35. Rxh7+ Kxh7 36. Rxf6 a5 37.
Ra6 b4 38. h4 Kg7 39. Kg3 Rc3+ 40. Kf4 Rc4+ 41. Kg5 Rc5+ 42. Kg4 Rc4+ 43. Kf5
Rxh4 44. Ra7+ Kg8 45. Ra8+ Kg7 46. Ra7+ Kg8 47. g4 Rh6 48. Ra8+ Kg7 49. Ra7+
Kg8 50. Rxa5 Rb6 51. Ra8+ {1/2-1/2 (51) Krivoshey,S (2533)-Del Rio de Angelis,
S (2487) Las Palmas 2005}) 17... Nh5 (17... Qc7 18. Qh4 h6 19. Re3 b5 20. Ne5
a5 21. a4 bxa4 22. Bxa4 Red8 23. f3 Ba8 24. Qf2 Rb8 25. Re2 Rb4 26. Rc2 Qb6 27.
Bc6 Rc8 28. d5 exd5 29. exd5 Nxd5 30. Rxd5 Rb1+ 31. Kh2 Qxf2 32. Rxf2 Bxc6 33.
Rc5 Bb7 34. Rxa5 f6 35. Nd3 Ra8 36. Rfa2 Rxa5 37. Rxa5 Rd1 38. Nf4 Kf7 39. Rb5
Bc6 40. Rb6 Rd6 41. h4 g5 42. hxg5 hxg5 43. Ne2 f5 44. Nd4 Rxd4 45. Rxc6 Kg7
46. Ra6 Rb4 47. Ra5 Kg6 48. Ra6+ Kg7 49. Ra5 Kg6 {1/2-1/2 (49) Epishin,V (2574)
-Del Rio de Angelis,S (2489) Calvia 2005}) 18. Qe5 Nf6 19. Qf4 Nh5 20. Qh2 h6
21. d5 exd5 22. exd5 Rxe1+ 23. Nxe1 Qf6 24. Nd3 Ba6 25. Qe5 Bxd3 26. Qxh5 Bc2
27. Rc1 Bf5 28. Rxc8+ Bxc8 29. d6 g5 30. Qd1 Bd7 31. Qd5 Kg7 32. Qb7 Qa1+ 33.
Kh2 Qe5+ 34. Kg1 Qxd6 35. Qxa7 h5 36. Qb7 h4 37. Qf3 Qe7 38. Qc3+ f6 39. Qc4
Qe8 40. Qb4 b5 41. a3 Qe5 42. Bd1 Bc6 43. Bf3 Be8 44. Kf1 Bf7 45. Be2 Be8 46.
Bf3 f5 47. Kg1 Bf7 48. Qd2 Kg6 49. Qc1 Be6 50. Qc6 Kf6 51. Qe8 Qa1+ 52. Kh2
Qxa3 53. Qd8+ Qe7 54. Qh8+ Qg7 55. Qd8+ Kg6 56. Qe8+ Qf7 57. Qxb5 Qc7+ 1/2-1/2